000 01210nam a2200313 i 4500
003 EG-GICUC
005 20260411192517.0
008 260411s1987 Su d|||fr|||| 00| 0 ara d
040 _a EG-GICUC
_bara
_c EG-GICUC
_d EG-GICUC
_erda
041 _aAra
082 0 4 _221
_a343.6
_bال . ت
092 0 4 _221
099 _aLaw1 10 343.6 ال . ت 1987
100 0 _aالسيد محمد خيرى
_eمؤلف.
245 1 0 _aتغيير الرأى العام وعلاقته بالإتجاه نحو الجريمة /
_cتأليف الدكتور السيد محمد خيرى وآخرون.
264 1 _aالرياض :
_bالمركز العربى للدراسات الأمنية والتدريب،
_c1987.
300 _a186 صفحة :
_b؛ جداول
_c24 سم.
336 _2rda content
_atext
337 _2rda media
_aComputer
338 _2rda carrier
_aOnline Resource
504 _a179-180 ببليوجرافيا: صفحات.
546 _aالنص باللغة العربية
650 1 _aعلم الإجرام
_2qrmak
650 1 _aالقانون الجنائى
_2qrmak
651 1 _2qrmak
856 4 0 _uhttps://fll.law.cu.edu.eg/fulltext/bks/B10-07115.pdf
905 _a54
942 _2ddc
_cBK
_e21
_n0
999 _c70125
_d70125